000 00408nam a2200169Ia 4500
003 0STCL
008 150530s9999 xx 000 0 und d
040 _aSTCL
_cSTCL
100 _aGros and Pearson; Ed
245 _aDickens and the twentieth century
250 _aFirst
260 _bRoutledge and Kegan Paul
_c1962
546 _aEnglish
942 _2ddc
_cBK
999 _c52647
_d52647
005 20220125170902.0